|
|
|
|
| LEADER |
00732cam a2200193 7i4500 |
| 001 |
0000025422 |
| 005 |
20101229090000.0 |
| 090 |
0 |
0 |
|a P 540
|b MAL
|
| 110 |
2 |
0 |
|a Malaysia External Trade Development Corporation (MATRADE)
|
| 245 |
2 |
0 |
|a Chemical product manufacturing industry in Australia.
|
| 260 |
0 |
0 |
|a Sydney:
|b MATRADE Sydney,
|c 2007.
|
| 300 |
# |
# |
|a 25 p.
|
| 440 |
0 |
0 |
|a Product market study : 2007
|
| 650 |
0 |
0 |
|a Chemical --
|x Markets --
|z Australia
|
| 650 |
0 |
0 |
|a Chemical product --
|x Markets --
|z Australia
|
| 650 |
0 |
0 |
|a Manufacturing industry and trade --
|x Markets --
|z Australia
|
| 651 |
0 |
0 |
|a Australia
|
| 999 |
|
|
|a 0000021872
|b Book
|c Products
|e Business Information Centre
|
| 999 |
|
|
|a 0000021871
|b Book
|c Countries
|e Business Information Centre
|